|
|
|
|
| LEADER |
00899nam a2200205 a 4500 |
| 001 |
4642809 |
| 008 |
100210s1978 bg bf 000 0 eng d |
| 010 |
|
|
|a 78904432
|
| 040 |
|
|
|a DLC
|c DLC
|d DLC
|d BD-DhAAL
|
| 082 |
0 |
0 |
|a 362.5
|2 18
|
| 110 |
2 |
|
|a University of Dacca.
|b Institute of Nutrition and Food Science.
|
| 245 |
1 |
0 |
|a Economic and nutritional effects of food for relief work projects.
|
| 260 |
|
|
|a Dacca :
|b Institute of Nutrition and Food Science, University of Dacca,
|c 1978.
|
| 300 |
|
|
|a vi, 223 leaves, [10] leaves of plates :
|b maps ;
|c 28 cm.
|
| 541 |
|
|
|e 00001181
|
| 650 |
|
0 |
|a Food relief
|z Bangladesh.
|
| 651 |
|
0 |
|a Bangladesh
|x Rural conditions.
|
| 852 |
4 |
|
|a Ayesha Abed Library
|j General shelf
|
| 999 |
|
|
|c 7481
|d 7481
|
| 952 |
|
|
|0 0
|1 0
|2 ddc
|4 0
|6 362_500000000000000_ECO_1978
|7 0
|9 8046
|a BRACUL
|b BRACUL
|c GEN
|d 2010-02-11
|g 0.00
|l 0
|o 362.5 ECO
|p 3010001181
|r 2010-02-11
|t 1
|w 2010-02-11
|y BK
|z Not price in Register
|